000 00244nam a22001217a 4500
082 _a823
_bPAS/S
100 _aPASHA,NIKKI
245 _aSANDSTORM
260 _aBOMBAY
_bRUPA &CO
300 _a142
650 _aENGLISH NOVEL
_zBOMBAY
942 _cBK
999 _c3473
_d3473